000 00423nam a22001577a 4500
020 _a0072884673
040 _cNUST
082 _a657
_bFIN
100 _aJan R. Williams, Susan F. Haka
_9124636
110 _aMark S. bettner, Joseph V. Carcello
_9124637
245 _aFinancial Accounting
250 _a12 Edition
260 _aNew York:
_bMcGraw Hill Irwin,
_c2006.
650 _2Financial Accounting
942 _2ddc
_cBK
999 _c610444
_d610444